000 00949nam a22002417a 4500
999 _c15913
_d15913
003 AR-CdUCM
008 190430b ||||| |||| 00| 0 spa d
020 _a958-04-0411-9
040 _aMUNICIPALIDAD PROVINCIAL DEL CUSCO
_cBIBLIOTECA MUNICIPAL DEL CUSCO
082 _aEP / 800 /
_bAV91
100 _aAvérous, Pierre
_935111
245 _aLa vida en casa :
_brespuesta a los "¿por qué?" de los niños /
260 _aColombia :
_bNorma,
_c1987.
300 _a58 paginas ;
_bIlustraciones
_c21 cm.
505 _aContenido : Sobre la casa -- ¿Como viaja la electricidad? -- Se puede beber agua de todos los grifos -- ¡ A comer! -- ¿Por que dan leche las vacas? -- Mi cuerpo y mi ropa...
650 _aEl hogar
_935146
650 _aAzucar, cafe, pan
_935147
650 _aElectrodomésticos
_935148
650 _aNuestro cuerpo
_935149
700 _aCarlos Alonso (Traducción)
_935114
942 _2ddc
_cLIBROS
945 _awnts
_d2019-04-30